00434pab a2200157 454500008004000000100001900040245008000059260000900139300001400148362000800162650003200170650001500202700001500217700002000232773002400252180718b2002 xxu||||| |||| 00| 0 eng d aAggarwal, B.K. aSocio-economic dimensions of drug-addicts in Punjab: a comparative analysis c2002 ap.129-44. aSep aDrug abuse - India - Punjab aDrug abuse aDua, Nisha aSharma, Shalini aMan and Development